[Event "Championnat de France - Accession"]
[Site "Chartres"]
[Date "2005.08.20"]
[Round "5.16"]
[White "Terrieux, Kevin"]
[Black "Jolly, Jean-Francois"]
[Result "1-0"]
[WhiteElo "2365"]
[BlackElo "2203"]
[PlyCount "71"]
[EventDate "2005.??.??"]

1. d4 Nf6 2. c4 c5 3. d5 b5 4. cxb5 a6 5. Nc3 axb5 6. e4 b4 7. Nb5 d6 8. e5
dxe5 9. Bc4 Ba6 10. a4 Nbd7 11. b3 g6 12. Bb2 Bg7 13. Nf3 Qb8 14. Qe2 e4 15.
Ng5 O-O 16. O-O Qf4 17. Nh3 Qf5 18. Rae1 Bh6 19. f3 exf3 20. Rxf3 Qh5 21. d6 e5
22. Nc7 Bb7 23. Rxf6 Nxf6 24. Qxh5 Nxh5 25. Nxa8 Bxa8 26. Bxe5 Bc6 27. g4 Bd7
28. gxh5 Bxh3 29. Bb5 Bd2 30. Re2 Bg5 31. d7 Be6 32. Bc7 Kg7 33. a5 Ra8 34. a6
Kf8 35. Bb6 Be7 36. a7 1-0

[Event "Championnat de France - Accession"]
[Site "Chartres"]
[Date "2005.08.20"]
[Round "5.17"]
[White "Fantin, Ludwig"]
[Black "Bergez, Luc"]
[Result "0-1"]
[WhiteElo "2204"]
[BlackElo "2353"]
[PlyCount "84"]
[EventDate "2005.??.??"]

1. e4 d5 2. exd5 Nf6 3. d4 Nxd5 4. c4 Nb6 5. Nc3 e5 6. Qe2 Be7 7. d5 c6 8. Be3
cxd5 9. Bxb6 axb6 10. Nxd5 O-O 11. Nf3 Nc6 12. Qc2 Be6 13. Nxe7+ Qxe7 14. Be2
Qb4+ 15. Qd2 Rfd8 16. Qxb4 Nxb4 17. O-O e4 18. Ng5 Rd2 19. Nxe6 Rxe2 20. a3 Nd3
21. Nc7 Rc8 22. Nd5 Rxc4 23. Rad1 Rxb2 24. Nb4 Rb3 25. Rfe1 f5 26. Nxd3 exd3
27. Re7 d2 28. Rd7 Rc1 29. R7xd2 Rbb1 30. Rd8+ Kf7 31. R8d7+ Kg6 32. R7d6+ Kh5
33. g4+ Kxg4 34. Rxc1 Rxc1+ 35. Kg2 Rc3 36. Rxb6 f4 37. h3+ Rxh3 38. Rxb7 g5
39. a4 h5 40. Rb5 Ra3 41. a5 Ra2 42. Kg1 f3 0-1

[Event "Championnat de France - Accession"]
[Site "Chartres"]
[Date "2005.08.20"]
[Round "5.18"]
[White "Alanic, Xavier"]
[Black "Bijaoui, Manuel"]
[Result "0-1"]
[WhiteElo "2244"]
[BlackElo "2338"]
[PlyCount "106"]
[EventDate "2005.??.??"]

1. c4 Nf6 2. g3 g6 3. Bg2 Bg7 4. Nc3 O-O 5. e3 d6 6. Nge2 c5 7. O-O Nc6 8. a3
Rb8 9. Rb1 Bf5 10. d3 Ne5 11. e4 Bd7 12. b4 Nc6 13. h3 Ne8 14. Be3 Nd4 15. f4
Nc7 16. bxc5 dxc5 17. e5 Bf5 18. Bxd4 cxd4 19. Nd5 Be6 20. Qb3 Qd7 21. Qb4 Nxd5
22. cxd5 Bxd5 23. Qxd4 Rfd8 24. Bxd5 Qxd5 25. Qxd5 Rxd5 26. d4 e6 27. Rfc1 Bf8
28. Rb3 Ra5 29. Rcc3 Ra4 30. Kf2 b5 31. Ke3 a5 32. Kd3 b4 33. axb4 Bxb4 34. Rc4
Ra2 35. Nc3 Rh2 36. h4 Rd8 37. Ne4 Kg7 38. Rb1 Rd7 39. Rc8 Ra2 40. h5 Ra3+ 41.
Kc4 gxh5 42. Kb5 Be7 43. Rd1 Rd5+ 44. Ka6 a4 45. Nc3 Rd7 46. d5 exd5 47. f5 Bg5
48. Nxd5 Rxg3 49. Kb5 a3 50. Kc6 Ra7 51. f6+ Kh6 52. Rg8 a2 53. Ne7 Rf3 0-1

[Event "Championnat de France - Accession"]
[Site "Chartres"]
[Date "2005.08.20"]
[Round "5.19"]
[White "Roos, Louis"]
[Black "Ragot, Nicolas"]
[Result "1/2-1/2"]
[WhiteElo "2334"]
[BlackElo "2156"]
[PlyCount "100"]
[EventDate "2005.??.??"]

1. d4 d5 2. c4 e6 3. Nc3 Nf6 4. Bg5 c6 5. e3 Nbd7 6. cxd5 exd5 7. Qc2 Bd6 8.
Bd3 h6 9. Bh4 O-O 10. Nge2 Re8 11. h3 Qa5 12. O-O b5 13. Bg3 Bxg3 14. Nxg3 b4
15. Na4 Ba6 16. Bxa6 Qxa6 17. Rfc1 Rac8 18. a3 Qb5 19. axb4 Qxb4 20. Ra2 g6 21.
Nc5 Nxc5 22. Qxc5 Qxc5 23. Rxc5 Rc7 24. Ra6 Rec8 25. b4 Kg7 26. Rca5 Rb8 27.
Ra4 Rb6 28. f3 Rcb7 29. Rxb6 axb6 30. Ne2 Ne8 31. Nc3 Nd6 32. Kf2 f5 33. Ra8
Re7 34. b5 Nxb5 35. Nxb5 cxb5 36. Rb8 Re6 37. Rd8 Rc6 38. Rxd5 Rc2+ 39. Kg3 Re2
40. Rxb5 Rxe3 41. Rxb6 Rd3 42. Rd6 Rd2 43. h4 h5 44. d5 Rd4 45. Rd8 Kf6 46. d6
Ke6 47. d7 f4+ 48. Kf2 Rxd7 49. Rxd7 Kxd7 50. Ke1 Ke7 1/2-1/2

[Event "Championnat de France - Accession"]
[Site "Chartres"]
[Date "2005.08.20"]
[Round "5.20"]
[White "Monroy, Charles"]
[Black "Tranchant, Sebastien"]
[Result "1-0"]
[WhiteElo "2328"]
[BlackElo "2150"]
[PlyCount "67"]
[EventDate "2005.??.??"]

1. e4 c5 2. Nf3 g6 3. c4 Nc6 4. d4 cxd4 5. Nxd4 Nf6 6. Nc3 d6 7. Nc2 Bg7 8. Be2
O-O 9. O-O Nd7 10. Bd2 Nc5 11. b4 Ne6 12. Rc1 a5 13. a3 axb4 14. axb4 Ncd4 15.
Nxd4 Nxd4 16. Be3 Nxe2+ 17. Qxe2 Bxc3 18. Rxc3 Be6 19. Bd4 f6 20. f4 Qd7 21.
Qe3 Ra4 22. f5 gxf5 23. Qh6 Rf7 24. Rg3+ Kh8 25. Qg5 Ra8 26. exf5 Bxc4 27. Rf4
b5 28. Rfg4 Qd8 29. h3 Qf8 30. Kh2 Re8 31. Qh4 Be2 32. Rg6 Bc4 33. Be3 e5 34.
fxe6 1-0

[Event "Championnat de France - Open A"]
[Site "Chartres"]
[Date "2005.??.??"]
[Round "5.1"]
[White "Lagunes, Jean-Renaud"]
[Black "Rabineau, Clement"]
[Result "0-1"]
[WhiteElo "2131"]
[BlackElo "2179"]
[PlyCount "52"]
[EventDate "2005.??.??"]

1. e4 c5 2. Nf3 g6 3. Bc4 Bg7 4. O-O Nc6 5. c3 Qb6 6. Na3 a6 7. Re1 e6 8. e5
Qc7 9. d4 Nge7 10. Bf4 b5 11. Bxb5 axb5 12. Nxb5 Qb6 13. Nd6+ Kf8 {#} 14. Ng5
Nd8 15. dxc5 Qxc5 16. Qf3 Qc6 17. Re4 h6 18. Ngxf7 Nxf7 19. Bxh6 Nf5 20. Bxg7+
Kxg7 21. g4 N5xd6 22. exd6 Nxd6 23. Rf4 Bb7 24. Qxc6 Bxc6 25. a4 Rhb8 26. Rd4
Nf7 0-1

[Event "Championnat de France - Open A"]
[Site "Chartres"]
[Date "2005.??.??"]
[Round "5.2"]
[White "Laval, Brice"]
[Black "Chaillot, Alain"]
[Result "1-0"]
[WhiteElo "2178"]
[BlackElo "2109"]
[PlyCount "28"]
[EventDate "2005.??.??"]

1. e4 Nc6 2. Nc3 Nf6 3. d4 d5 4. e5 Ne4 5. Nxe4 dxe4 6. c3 Bf5 7. Ne2 e6 8. Ng3
Be7 9. Bb5 O-O 10. Qe2 Qd5 11. Bc4 Qa5 12. O-O Rad8 13. b4 Qa4 14. Bb5 Nxd4 1-0

[Event "Championnat de France - Open A"]
[Site "Chartres"]
[Date "2005.??.??"]
[Round "5.3"]
[White "Entem, Alan"]
[Black "Platel, Alexandre"]
[Result "1/2-1/2"]
[WhiteElo "2127"]
[BlackElo "2164"]
[PlyCount "35"]
[EventDate "2005.??.??"]

1. e4 e5 2. Nf3 Nc6 3. Bb5 a6 4. Bxc6 dxc6 5. O-O Qd6 6. d4 exd4 7. Nxd4 c5 8.
Ne2 Bd7 9. Nbc3 Qxd1 10. Rxd1 O-O-O 11. f3 Ne7 12. g4 f6 13. Kf2 Nc6 14. Nd5 b6
15. Nef4 Kb7 16. Nh5 Be8 17. Nhf4 Bf7 18. Be3 1/2-1/2

[Event "Championnat de France - Open A"]
[Site "Chartres"]
[Date "2005.??.??"]
[Round "5.4"]
[White "Moussard, Jules"]
[Black "Jaulin, Marc"]
[Result "1/2-1/2"]
[WhiteElo "2054"]
[BlackElo "2135"]
[PlyCount "96"]
[EventDate "2005.??.??"]

1. e4 c5 2. Nf3 d6 3. d4 cxd4 4. Nxd4 Nf6 5. Nc3 g6 6. Be2 Bg7 7. Nb3 Nc6 8.
Be3 Be6 9. f4 Rc8 10. g4 Na5 11. g5 Rxc3 12. bxc3 Nd7 13. Bd4 O-O 14. h4 Nc6
15. Bxg7 Kxg7 16. h5 Qb6 17. Qd2 Nc5 18. Bf3 Na4 19. Nd4 Qb2 20. Nxe6+ fxe6 21.
Kf2 Qxc3 22. Qxc3+ Nxc3 23. Rh4 e5 24. a4 b5 25. axb5 Nxb5 26. Ke3 Ncd4 27. Ra2
Rc8 28. Bd1 Rc7 29. Kd3 Nc3 30. Ra1 a5 31. h6+ Kf7 32. f5 Nxd1 33. Rxd1 gxf5
34. exf5 Nxf5 35. Ra4 Kg6 36. Rg1 Rc5 37. c4 Nd4 38. Rg2 Ne6 39. Rg4 Nf4+ 40.
Ke3 Kf5 41. Rg1 Rxc4 42. Rxa5 d5 43. Ra7 d4+ 44. Kd2 Ng6 45. Ra3 Rc5 46. Rf3+
Ke6 47. Rc1 Rxc1 48. Kxc1 e4 1/2-1/2

[Event "Championnat de France - Open A"]
[Site "Chartres"]
[Date "2005.??.??"]
[Round "5.5"]
[White "Lacroix, Romain"]
[Black "Mourot, Felix"]
[Result "1-0"]
[WhiteElo "2098"]
[BlackElo "2198"]
[PlyCount "81"]
[EventDate "2005.??.??"]

1. e4 c5 2. Nc3 g6 3. g3 Bg7 4. Bg2 Nc6 5. f4 e6 6. Nf3 Nge7 7. d3 d6 8. O-O
O-O 9. Be3 Nd4 10. Nh4 Rb8 11. Rb1 b5 12. Ne2 b4 13. Nxd4 cxd4 14. Bf2 Qc7 15.
g4 f5 16. gxf5 exf5 17. Bg3 Qc5 18. Kh1 Bb7 19. Re1 Rbc8 20. Rc1 Rfe8 21. Nf3
Qa5 22. c4 dxc3 23. Qb3+ d5 24. bxc3 Bxc3 25. Re2 Qb5 26. Ne5 fxe4 27. Bxe4 Kg7
28. Bf3 Nf5 29. Bf2 Bd4 30. Rxc8 Rxc8 31. Bg4 Rc1+ 32. Kg2 Bxf2 33. Bxf5 gxf5
34. Rxf2 Rc3 35. Qd1 d4+ 36. Kh3 Be4 37. Qg1+ Kf8 38. Qg5 Rxd3+ 39. Kh4 Bd5 40.
Qd8+ Kg7 41. Qd7+ 1-0

[Event "Championnat de France - Open A"]
[Site "Chartres"]
[Date "2005.??.??"]
[Round "5.7"]
[White "Guennoun, Anthony"]
[Black "Aurel, Luc"]
[Result "1/2-1/2"]
[WhiteElo "2087"]
[BlackElo "2167"]
[PlyCount "57"]
[EventDate "2005.??.??"]

1. e4 d6 2. d4 g6 3. Nc3 Bg7 4. Be3 a6 5. Qd2 Nd7 6. Nf3 b5 7. Bd3 c5 8. dxc5
Nxc5 9. Rd1 Nxd3+ 10. Qxd3 Nf6 11. e5 Ng4 12. exd6 O-O 13. d7 Bb7 14. O-O Qc7
15. Ne4 f5 16. Neg5 Bxf3 17. Nxf3 h6 18. h3 Ne5 19. Nxe5 Bxe5 20. Bxh6 Rfd8 21.
Qd5+ Kh7 22. Be3 Kg7 23. Qxe5+ Qxe5 24. Bd4 Kf6 25. Bxe5+ Kxe5 26. Rfe1+ Kf6
27. Rd3 Ra7 28. Red1 Rc7 29. g3 1/2-1/2

[Event "Championnat de France - Open A"]
[Site "Chartres"]
[Date "2005.??.??"]
[Round "5.8"]
[White "Marx, Nicolas"]
[Black "Guez, Fabien"]
[Result "0-1"]
[WhiteElo "2086"]
[BlackElo "2165"]
[PlyCount "76"]
[EventDate "2005.??.??"]

1. d4 e6 2. c4 Nf6 3. Nf3 d5 4. g3 Bb4+ 5. Bd2 Be7 6. Bg2 O-O 7. cxd5 exd5 8.
Nc3 b6 9. O-O Bb7 10. Qb3 Nbd7 11. Rfd1 c5 12. dxc5 Nxc5 13. Qc2 Rc8 14. Rac1
Nce4 15. Qb1 Bc5 16. Be1 Qe7 17. e3 Rcd8 18. Nd4 Nxc3 19. Rxc3 Ne4 20. Rcc1 Qf6
21. b4 Bxd4 22. Rxd4 Rc8 23. Bxe4 dxe4 24. Bc3 Qf3 25. b5 Rc5 26. Bb4 Rxb5 27.
a4 Rf5 28. Qc2 Re8 29. Rd7 Ba6 30. Rxa7 Bd3 31. Qb2 h5 32. h4 Be2 33. Be1 Qg4
34. f4 exf3 35. Rc2 Rxe3 36. Kf2 Re8 37. Bc3 Qh3 38. Bxg7 Qf1# 0-1

[Event "Championnat de France - Open A"]
[Site "Chartres"]
[Date "2005.??.??"]
[Round "5.9"]
[White "Bianchi, Guillaume"]
[Black "Bolon, Karelle"]
[Result "1-0"]
[WhiteElo "2155"]
[BlackElo "2064"]
[PlyCount "105"]
[EventDate "2005.??.??"]

1. d4 d5 2. c4 c6 3. Nf3 e6 4. e3 f5 5. Bd3 Bd6 6. O-O Nh6 7. b3 Qe7 8. a4 a5
9. Ba3 Nd7 10. Qc1 O-O 11. Bxd6 Qxd6 12. Qa3 Qb8 13. Qe7 Nf6 14. Nc3 Re8 15.
Qa3 Nhg4 16. h3 Nh6 17. Ne2 Nf7 18. Qb2 g5 19. Ne5 g4 20. f3 Nxe5 21. dxe5 Nd7
22. f4 gxh3 23. gxh3 Nc5 24. Bc2 Na6 25. Kh2 Kf7 26. cxd5 cxd5 27. Nd4 Bd7 28.
Bd1 Rg8 29. Bh5+ Ke7 30. Qa3+ Nb4 31. Nc2 Bc6 32. Nxb4 axb4 33. Qxb4+ Kd7 34.
Rg1 Qf8 35. Qxf8 Raxf8 36. Rxg8 Rxg8 37. Rg1 Rxg1 38. Kxg1 b5 39. axb5 Bxb5 40.
Kf2 Kc7 41. Bf7 Bd7 42. Ke2 Bb5+ 43. Kd2 Kd7 44. Bh5 Bf1 45. h4 Bh3 46. Be2 Bg4
47. Bf1 Ke7 48. Kc3 Kf7 49. Kd4 Kg6 50. b4 Bd1 51. b5 Ba4 52. b6 Bc6 53. Be2
1-0

[Event "Championnat de France - Open A"]
[Site "Chartres"]
[Date "2005.??.??"]
[Round "5.10"]
[White "Milanovic, Dino"]
[Black "Delorme, Laurie"]
[Result "1-0"]
[WhiteElo "2148"]
[BlackElo "2054"]
[PlyCount "82"]
[EventDate "2005.??.??"]

1. e4 c5 2. Nf3 Nc6 3. Nc3 g6 4. d4 cxd4 5. Nxd4 Bg7 6. Be3 Nf6 7. Nxc6 bxc6 8.
e5 Ng8 9. f4 f5 10. Bc4 Nh6 11. O-O e6 12. Bc5 Nf7 13. g3 Bf8 14. Qd4 Bxc5 15.
Qxc5 g5 16. Rad1 Qe7 17. Qxe7+ Kxe7 18. Kf2 Rg8 19. Rg1 d5 20. exd6+ Nxd6 21.
Be2 Rb8 22. b3 c5 23. Bf3 g4 24. Bg2 Bb7 25. Rge1 Bxg2 26. Kxg2 Rg6 27. Re5 Rc8
28. a4 Rc6 29. Rdd5 Nf7 30. Re2 Kf6 31. Rd7 a6 32. Red2 Rh6 33. Ra7 Nd6 34. Rd7
Nf7 35. a5 e5 36. Nd5+ Kg7 37. Ne7 Rcf6 38. fxe5 Nxe5 39. Nxf5+ Kg6 40. Nxh6
Nxd7 41. Nxg4 Rf7 1-0

[Event "Championnat de France - Open A"]
[Site "Chartres"]
[Date "2005.08.20"]
[Round "5.23"]
[White "Broca, Alexandre"]
[Black "Humeau, Cyril"]
[Result "0-1"]
[WhiteElo "2166"]
[BlackElo "2059"]
[PlyCount "60"]
[EventDate "2005.??.??"]

1. f4 e5 2. e4 exf4 3. Nf3 d6 4. Nc3 g5 5. Bc4 Bg7 6. d4 h6 7. h4 Be6 8. Qd3
Nd7 9. Bd2 Qe7 10. O-O-O O-O-O 11. Nd5 Bxd5 12. exd5 Qf6 13. Qa3 g4 14. Qxa7
gxf3 15. Ba5 fxg2 16. Rhe1 Nb8 17. Bb5 Ne7 18. Bxc7 Kxc7 19. Qa5+ Kc8 20. Qc3+
Nec6 21. dxc6 b6 22. c7 f3 23. Ba6+ Nxa6 24. cxd8=Q+ Kxd8 25. Qc6 Nc7 26. Re3
d5 27. Qxf6+ Bxf6 28. Rxf3 Bxd4 29. Rxd4 g1=Q+ 30. Rd1 Qc5 0-1

[Event "Championnat de France - Open B"]
[Site "Chartres"]
[Date "2005.08.20"]
[Round "5.1"]
[White "Pantioukhine, Slava"]
[Black "Chin, David"]
[Result "1-0"]
[WhiteElo "1989"]
[BlackElo "1876"]
[PlyCount "61"]
[EventDate "2005.??.??"]

1. d4 e5 2. dxe5 Nc6 3. Nf3 Qe7 4. Qd5 f6 5. exf6 Nxf6 6. Qb3 d5 7. Bg5 h6 8.
Bxf6 Qxf6 9. c3 Bd6 10. Qxd5 Be6 11. Qh5+ Bf7 12. Qh4 g5 13. Qe4+ Kd7 14. e3
Rhe8 15. Qg4+ Be6 16. Qa4 a6 17. Nbd2 b5 18. Qc2 g4 19. Ne4 Qf5 20. Bd3 gxf3
21. Nxd6 fxg2 22. Rg1 Qh3 23. Nxe8 Qxh2 24. O-O-O Kxe8 25. Be4 Na5 26. Rxg2 Qe5
27. Bxa8 Bxa2 28. Qe4 Nb3+ 29. Kc2 Qxe4+ 30. Bxe4 Nc5 31. Bd5 1-0

[Event "Championnat de France - Open B"]
[Site "Chartres"]
[Date "2005.08.20"]
[Round "5.3"]
[White "Medghoul, Abdel"]
[Black "Grego, Pierre"]
[Result "0-1"]
[WhiteElo "1994"]
[BlackElo "1913"]
[PlyCount "88"]
[EventDate "2005.??.??"]

1. d4 f5 2. c4 Nf6 3. Nc3 c6 4. g3 g6 5. Bg2 Bg7 6. Nh3 d6 7. O-O O-O 8. d5 c5
9. Nf4 Na6 10. Re1 Nc7 11. Qd3 Ng4 12. e4 Ne5 13. Qe2 fxe4 14. Nxe4 Bg4 15. f3
Bf5 16. g4 Bd7 17. Ng5 b5 18. Nd3 Nxd3 19. Qxd3 bxc4 20. Qxc4 h6 21. Ne4 Nb5
22. Be3 Nd4 23. Bxd4 Bxd4+ 24. Kh1 Rb8 25. Qd3 Kg7 26. Ng3 Rxb2 27. Rab1 Rxb1
28. Rxb1 Qa5 29. Qe2 Bf6 30. f4 Qc3 31. f5 Be8 32. Be4 g5 33. Rb7 a5 34. Bf3
Bf7 35. Rxe7 Bxe7 36. f6+ Bxf6 37. Nf5+ Kh8 38. Be4 Qa1+ 39. Kg2 Qb2 40. Qxb2
Bxb2 41. Nxd6 a4 42. Nb7 c4 43. d6 c3 44. d7 Bd5 0-1

[Event "Championnat de France - Open B"]
[Site "Chartres"]
[Date "2005.08.20"]
[Round "5.4"]
[White "Deleva, Mathias"]
[Black "Caroll, John"]
[Result "1/2-1/2"]
[WhiteElo "1990"]
[BlackElo "1900"]
[PlyCount "107"]
[EventDate "2005.??.??"]

1. e4 c6 2. c4 d5 3. exd5 cxd5 4. cxd5 Nf6 5. Nc3 Nxd5 6. Nf3 Nc6 7. d4 e6 8.
Bb5 Nxc3 9. bxc3 Bd7 10. O-O Be7 11. Bd2 O-O 12. Bd3 Bf6 13. Qc2 g6 14. Rfe1
Qc7 15. h4 Rfd8 16. h5 Be8 17. Re2 Rac8 18. Bh6 Rd5 19. hxg6 hxg6 20. Rae1 Rh5
21. Bc1 Kg7 22. g4 Rh7 23. g5 Be7 24. Bb2 Bd7 25. d5 Rch8 26. c4+ f6 27. Bxf6+
Bxf6 28. gxf6+ Kxf6 29. Qc3+ Ke7 30. Qa3+ Kd8 31. d6 Qb6 32. c5 Qa5 33. Qxa5+
Nxa5 34. Ng5 Rh1+ 35. Kg2 Rxe1 36. Rxe1 Rh5 37. Nxe6+ Bxe6 38. Rxe6 Rxc5 39.
Bxg6 Rd5 40. Be4 Rd2 41. Rg6 Nc4 42. Bxb7 Nxd6 43. Bf3 Kc7 44. Rg7+ Kb6 45. Rd7
a5 46. Bg4 Kc5 47. Be6 a4 48. Kf3 a3 49. Bg8 Rb2 50. Rc7+ Kb4 51. Ke3 Nf5+ 52.
Kd3 Rxf2 53. Bb3 Nd6 54. Ra7 1/2-1/2

[Event "Championnat de France - Open B"]
[Site "Chartres"]
[Date "2005.??.??"]
[Round "5.5"]
[White "Charpentier, Denis"]
[Black "Labarrere, Daniel"]
[Result "1-0"]
[WhiteElo "1917"]
[BlackElo "1933"]
[PlyCount "123"]
[EventDate "2005.??.??"]

1. e4 e5 2. Nc3 Nf6 3. Nf3 Nc6 4. g3 Bc5 5. Bg2 d6 6. O-O O-O 7. d3 Bg4 8. h3
Bxf3 9. Qxf3 Nd4 10. Qd1 a6 11. Kh2 c6 12. f4 exf4 13. Bxf4 Ne6 14. Bd2 Ba7 15.
g4 Qc7 16. Qe1 Rae8 17. g5 Nd7 18. e5 Nxe5 19. Qh4 Ng6 20. Qg3 Bb8 21. Kh1 Qd8
22. Qg4 d5 23. Rf2 Qd6 24. Bf3 Ba7 25. Re2 Nd4 26. Rxe8 Rxe8 27. Re1 Rxe1+ 28.
Bxe1 Qe6 29. Qxe6 Nxe6 30. h4 Nd4 31. Bd1 Ne6 32. Kg2 Bb8 33. Bg3 Bxg3 34. Kxg3
Ne5 35. Na4 Kf8 36. Nc3 Ke7 37. Ne2 f6 38. gxf6+ Kxf6 39. Nf4 Nxf4 40. Kxf4
Ng6+ 41. Kg4 Ne5+ 42. Kf4 h6 43. h5 g5+ 44. hxg6 Nxg6+ 45. Kg4 Ne5+ 46. Kf4
Ng6+ 47. Kg4 Ne7 48. Kf4 c5 49. Be2 d4 50. Ke4 a5 51. c3 dxc3 52. bxc3 b5 53.
d4 cxd4 54. Kxd4 b4 55. cxb4 axb4 56. Kc5 Nf5 {=} 57. Kxb4 Ng3 58. Bf3 Ke6 59.
Kc5 Kd7 60. Kb6 Kc8 61. a4 Kb8 62. a5 1-0

[Event "Championnat de France - Open B"]
[Site "Chartres"]
[Date "2005.??.??"]
[Round "5.6"]
[White "Dureau, Laurent"]
[Black "Burtin, Laurent"]
[Result "1-0"]
[WhiteElo "1929"]
[BlackElo "1890"]
[PlyCount "87"]
[EventDate "2005.??.??"]

1. e4 c5 2. Nf3 d6 3. d4 cxd4 4. Nxd4 Nf6 5. Nc3 g6 6. Be3 Bg7 7. f3 O-O 8. Bc4
Nc6 9. Qd2 Bd7 10. O-O-O Qa5 11. h4 Rfc8 12. Bb3 Ne5 13. h5 Nxh5 14. Nd5 Qxd2+
15. Rxd2 Nc4 16. Nxe7+ Kf8 17. Nxc8 Nxd2 18. Nxd6 Nxb3+ 19. axb3 Ke7 20. Nxb7
Ng3 21. Rd1 a5 22. Nc5 Be8 23. c3 Rc8 24. Nc2 Ne2+ 25. Kd2 Ng3 26. Na3 f5 27.
Nc4 fxe4 28. Bg5+ Bf6 29. Bxf6+ Kxf6 30. Nxe4+ Nxe4+ 31. fxe4 a4 32. Kc2 axb3+
33. Kxb3 Rb8+ 34. Ka3 Ra8+ 35. Kb4 Rb8+ 36. Ka5 Rb5+ 37. Ka6 Rg5 38. Nd6 Ba4
39. Rd2 Bb3 40. Kb6 Ke6 41. c4 Ba2 42. b4 Bb1 43. c5 Rg4 44. c6 1-0

[Event "Championnat de France - Open B"]
[Site "Chartres"]
[Date "2005.??.??"]
[Round "5.7"]
[White "Le Clezio, Sylvain"]
[Black "Delaire, Eric"]
[Result "1-0"]
[WhiteElo "1883"]
[BlackElo "1925"]
[PlyCount "55"]
[EventDate "2005.??.??"]

1. e4 e5 2. Nc3 Nf6 3. f4 d5 4. fxe5 Nxe4 5. d3 Nxc3 6. bxc3 c5 7. Nf3 Be7 8.
Be2 Nc6 9. O-O O-O 10. Qe1 d4 11. Qg3 Re8 12. Bh6 Bf8 13. c4 Re6 14. Ng5 Re7
15. Bh5 Nxe5 16. Ne4 Re6 17. Bg5 Qb6 18. Qf2 f6 19. Rae1 Bd7 20. Qg3 fxg5 21.
Nxg5 Ng6 22. Nxe6 Bxe6 23. Bxg6 hxg6 24. Qxg6 Bxc4 25. Qxb6 axb6 26. dxc4 Bd6
27. Re6 Rd8 28. Rf5 1-0

[Event "Championnat de France - Open B"]
[Site "Chartres"]
[Date "2005.??.??"]
[Round "5.8"]
[White "Rocland, Theo"]
[Black "Mestdagh, Franck"]
[Result "0-1"]
[WhiteElo "1830"]
[BlackElo "1924"]
[PlyCount "72"]
[EventDate "2005.??.??"]

1. e4 c5 2. Nf3 d6 3. d4 cxd4 4. Nxd4 Nf6 5. Nc3 a6 6. Bg5 e6 7. f4 Be7 8. Qf3
Qc7 9. O-O-O Nbd7 10. g4 h6 11. Bh4 b5 12. Bd3 Bb7 13. g5 hxg5 14. Bxg5 b4 15.
Nce2 Nc5 16. Ng3 Rc8 17. Kb1 Qb6 18. h4 Na4 19. Nb3 a5 20. Qe2 Bc6 21. Rhe1 O-O
22. Nh5 Rfd8 23. Rg1 Kf8 24. Nxg7 Nc3+ 25. bxc3 bxc3 26. Ka1 a4 27. Bh6 axb3
28. cxb3 Ra8 29. Qc2 Rxa2+ 30. Qxa2 Ra8 31. Nh5+ Ke8 32. Nxf6+ Bxf6 33. Rg8+
Ke7 34. Qxa8 c2+ 35. Ka2 Bxa8 36. Bxc2 Qa5+ 0-1

[Event "Championnat de France - Open B"]
[Site "Chartres"]
[Date "2005.??.??"]
[Round "5.9"]
[White "Tardif, Olivier"]
[Black "Wojtkowski, Frederic"]
[Result "1/2-1/2"]
[WhiteElo "1985"]
[BlackElo "1859"]
[PlyCount "87"]
[EventDate "2005.??.??"]

1. e4 c5 2. c4 Nc6 3. f4 d6 4. Nf3 g6 5. Nc3 Bg7 6. d3 Nf6 7. Be3 O-O 8. Qd2 a6
9. d4 cxd4 10. Nxd4 Bd7 11. Be2 Rc8 12. O-O Qc7 13. Rac1 Qb8 14. b3 Nxd4 15.
Bxd4 Bc6 16. Bf3 b5 17. cxb5 axb5 18. a4 bxa4 19. bxa4 Qa8 20. e5 dxe5 21. Bxe5
Bxf3 22. Rxf3 Rfd8 23. Qb2 Qa7+ 24. Kh1 Rd7 25. Rb1 Rcd8 26. h3 Rd2 27. Qb6
Qxb6 28. Rxb6 Nd7 29. Rb5 Nxe5 30. fxe5 Rc2 31. Nd5 Kf8 32. Nb4 Rc1+ 33. Kh2
Re1 34. Rd3 Ra8 35. Nc6 Bh6 36. a5 Rc8 37. Rb8 Rxb8 38. Nxb8 Bf4+ 39. g3 Bxe5
40. Nd7+ Ke8 41. a6 Bd6 42. Nf6+ exf6 43. Rxd6 f5 44. Kg2 1/2-1/2

[Event "Championnat de France - Open B"]
[Site "Chartres"]
[Date "2005.??.??"]
[Round "5.10"]
[White "Bleuzen, Erwan"]
[Black "Tartarin, Didier"]
[Result "1-0"]
[WhiteElo "1994"]
[BlackElo "1920"]
[PlyCount "83"]
[EventDate "2005.??.??"]

1. d4 d5 2. c4 c6 3. Nc3 Nf6 4. e3 e6 5. Nf3 Nbd7 6. Bd3 Bd6 7. O-O O-O 8. e4
dxe4 9. Nxe4 Be7 10. Qc2 c5 11. dxc5 Bxc5 12. Bg5 Be7 13. Nxf6+ Nxf6 14. Rad1
Qc7 15. Bxf6 Bxf6 16. Bxh7+ Kh8 17. Be4 Bd7 18. Nd4 e5 19. Nb5 Bxb5 20. Qe2 g6
21. cxb5 Kg7 22. Qf3 Rab8 23. Rd5 Rfd8 24. Rxd8 Rxd8 25. Bxb7 Rd2 26. g3 Rxb2
27. Bc6 Rxa2 28. Rd1 Rb2 29. Rd7 Qb6 30. Bd5 Qxb5 31. Rxf7+ Kh6 32. h4 Bg7 33.
Qe3+ Kh7 34. Qxe5 Rb1+ 35. Kh2 Qb2 36. Rxg7+ Kh6 37. Qxb2 Rxb2 38. Rxa7 Rxf2+
39. Kh3 Rd2 40. Be4 Rd4 41. g4 g5 42. Rh7# 1-0

[Event "Championnat de France - Open C"]
[Site "Chartres"]
[Date "2005.??.??"]
[Round "5.1"]
[White "Ababsa, Tufek"]
[Black "Mopin, Stephane"]
[Result "0-1"]
[WhiteElo "1700"]
[BlackElo "1700"]
[PlyCount "49"]
[EventDate "2005.??.??"]

1. Nf3 Nf6 2. d3 d5 3. Nbd2 Nc6 4. g3 e5 5. e4 dxe4 6. dxe4 Bc5 7. Bg2 O-O 8.
O-O Ng4 9. Qe2 Re8 10. h3 Nf6 11. c3 a6 12. Rd1 Qe7 13. a4 Be6 14. Nf1 Bb3 15.
Re1 Na5 16. N3d2 Qe6 17. Ne3 Rad8 18. g4 Qb6 19. g5 Bxe3 20. fxe3 Nd7 21. Nf3
Nc5 22. Nh2 Nd3 23. Rf1 Bc4 24. Qf3 Nf4 25. Rf2 0-1

[Event "Championnat de France - Open C"]
[Site "Chartres"]
[Date "2005.??.??"]
[Round "5.2"]
[White "Larribere, Hadrien"]
[Black "Jophe, Jacky"]
[Result "1/2-1/2"]
[WhiteElo "1670"]
[BlackElo "1700"]
[PlyCount "60"]
[EventDate "2005.??.??"]

1. e4 c6 2. d4 d5 3. Nc3 dxe4 4. Nxe4 Bf5 5. Ng3 Bg6 6. h4 h6 7. Nf3 Nd7 8. h5
Bh7 9. Bd3 Bxd3 10. Qxd3 Ngf6 11. Bd2 Qc7 12. Ne4 O-O-O 13. O-O-O e6 14. Qe2
Nxe4 15. Qxe4 Nf6 16. Qe2 Bd6 17. g3 Rhe8 18. c4 c5 19. dxc5 Bxc5 20. Bc3 Rxd1+
21. Kxd1 Rd8+ 22. Kc2 Qb6 23. Ne5 Nd7 24. Rf1 f6 25. Nd3 e5 26. Qe4 Nf8 27. f4
Bd4 28. fxe5 fxe5 29. Nxe5 Bxc3 30. Kxc3 Qa5+ 1/2-1/2

[Event "Championnat de France - Open C"]
[Site "Chartres"]
[Date "2005.??.??"]
[Round "5.3"]
[White "Vedrunes, Jean"]
[Black "Falais, Jean-Francois"]
[Result "0-1"]
[WhiteElo "1600"]
[BlackElo "1700"]
[PlyCount "134"]
[EventDate "2005.??.??"]

1. d4 Nf6 2. c4 e6 3. Nc3 c6 4. d5 cxd5 5. cxd5 Bb4 6. Bd2 Qa5 7. a3 Bxc3 8.
Bxc3 Qxd5 9. Qxd5 Nxd5 10. Bxg7 Rg8 11. Be5 Nc6 12. Bd6 Nf6 13. Nf3 Ne4 14. Bf4
Ke7 15. g3 f6 16. Bg2 Ng5 17. O-O Nxf3+ 18. Bxf3 d5 19. Rac1 Bd7 20. Rfd1 Rac8
21. Rd3 Ne5 22. Rxc8 Rxc8 23. Bxe5 fxe5 24. Rd1 e4 25. Bg2 Rc2 26. f3 exf3 27.
Bxf3 Rxb2 28. e4 Bc6 29. exd5 Rb3 30. dxc6 Rxf3 31. Rd7+ Kf6 32. cxb7 Rb3 33.
Rxh7 Kg6 34. Rc7 a5 35. Kf2 Kf6 36. Ke2 a4 37. h4 Kg6 38. g4 Kf6 39. h5 Kg5 40.
Rg7+ Kh6 41. Re7 Kg5 42. Kd2 Rb6 43. Kc3 Kf6 44. Rc7 Kg5 45. Kc4 e5 46. Kc5 Rb1
47. Rc6 Rxb7 48. Ra6 Kxg4 49. h6 Kf3 50. Rg6 Rh7 51. Rf6+ Ke4 52. Kb4 Kd4 53.
Rd6+ Ke3 54. Kxa4 e4 55. Kb4 Kf3 56. Rf6+ Ke2 57. Kc3 e3 58. Kd4 Rd7+ 59. Ke4
Kd2 60. h7 Rxh7 61. Rd6+ Ke2 62. a4 Rh4+ 63. Ke5 Rxa4 64. Rd7 Ke1 65. Rd3 e2
66. Rh3 Kd1 67. Rh2 e1=Q+ 0-1